• 首页
  • 本馆介绍
  • 公告通知
  • 最新文献
  • 馆藏检索
  • 电子资源
  • 读者导购
  • 参考咨询
  • 我的图书馆
  • 登录
  • 详细信息显示
  • 放入我的书架
  • 预约/预借图书
  • 作者相关作品
  • 分类相关作品
  • 丛书相关作品
  • 出版社相关作品

书目信息

  • 表格格式
  • 工作单格式
  • 卡片格式
题名:
班级管理与学生成长
    
 
作者: 何芳 , 徐愫芬 主编
分册:  
出版信息: 北京   科学出版社  2021.3
页数: 200页
开本: 26cm
丛书名:
单 册:
中图分类: G622.421
科图分类:
主题词: 班级--学校管理--小学教育--教材
电子资源:
ISBN: 978-7-03-067678-8
000 00888nam0 2200253 45
001 012001001320
005 20140820164030.0
010    @a978-7-03-067678-8@dCNY39.00
100    @a20210513d2021 em y0chiy0110 ea
101 0  @achi
102    @aCN@b110000
105    @ay z 000yy
106    @ar
200 1  @a班级管理与学生成长@Aban ji guan li yu xue sheng cheng zhang@f何芳, 徐愫芬主编
210    @a北京@c科学出版社@d2021.3
215    @a200页@d26cm
300    @a小学教育专业系列教材
330    @a本书内容共分为三篇:第一篇为“奠定班级管理基础,关注学生成长”;第二篇为“健全班级组织建设,促进学生成长”;第三篇为“提升班级管理水平,引领学生成长”。
606 0  @a班级@x学校管理@x小学教育@j教材
690    @aG622.421@v5
701  0 @a何芳@Ahe fang@4主编
701  0 @a徐愫芬@Axu su fen@c(女,@f1983-)@4主编
801    @aCN@bAHXH@c20210922
905    @b1248288-92@dG622.421@e1398@f5
    
    班级管理与学生成长/何芳, 徐愫芬主编.-北京:科学出版社,2021.3
    200页;26cm
    小学教育专业系列教材
    
    ISBN 978-7-03-067678-8:CNY39.00
    本书内容共分为三篇:第一篇为“奠定班级管理基础,关注学生成长”;第二篇为“健全班级组织建设,促进学生成长”;第三篇为“提升班级管理水平,引领学生成长”。
●
相关链接 在E读中查询图书 在五车中查询图书 在当当中查询图书 在豆瓣中查询图书


正题名:班级管理与学生成长     索取号:G622.421/1398         预约/预借

序号 登录号 条形码 馆藏地/架位号 状态 备注
1 1248288   212482883   第一样本阅览室/ [索取号:G622.421/1398] 在馆    
2 1248289   212482892   教育系资料室/ [索取号:G622.421/1398] 在馆    
3 1248290   212482909   教育系资料室/ [索取号:G622.421/1398] 在馆    
4 1248291   212482918   第四借阅区/ [索取号:G622.421/1398] 在馆    
5 1248292   212482927   第四借阅区/ [索取号:G622.421/1398] 在馆    
唐山师范学院图书馆 欢迎您!
大连网信软件有限公司© 版权所有